[Event "AUTO-BEG-210"]
[Site "http://www.queenalice.com/game.php?id=465833"]
[Date "2008.9.20"]
[Round "2"]
[White "Rapaz"]
[Black "ORNELAS"]
[Result "0-1"]
[WhiteElo "1595"]
[BlackElo "1711"]

1. e4 d6 2. d4 g6 3. d5 Bg7 4. c4 e5 5. Nf3 Nf6 6. Be2 Nxe4 7. O-O O-O 8. Bd3
Nc5 9. Bg5 f6 10. Be3 Nba6 11. a3 Nxd3 12. Qxd3 Bf5 13. Qb3 b6 14. Qc3 Bg4 15.
Nbd2 Qd7 16. b4 c5 17. b5 Nc7 18. h3 e4 19. hxg4 exf3 20. gxf3 f5 21. a4 fxg4
22. fxg4 Bxc3 23. Ra3 Bxd2 24. Bxd2 Qxg4+ 25. Rg3 Qh4 26. Be3 Rf6 27. Bg5 Qd4
28. Bxf6 Qxf6 29. Re1 Rf8 30. Re2 Qa1+ 31. Kg2 Qxa4 32. Re4 Qc2 33. Reg4 Qxf2+
34. Kh3 Qf1+ 35. Kh4 Kg7 36. Rg1 Qf6+ 37. Rg5 Qf4+ 38. R1g4 Qh2# 0-1

[Event "AUTO-BEG-210"]
[Site "http://www.queenalice.com/game.php?id=465836"]
[Date "2008.9.20"]
[Round "2"]
[White "dontar"]
[Black "Rapaz"]
[Result "1-0"]
[WhiteElo "1477"]
[BlackElo "1618"]

1. e4 e5 2. Nf3 d6 3. h3 Nf6 4. Bb5+ Bd7 5. Bxd7+ Qxd7 6. Nc3 Be7 7. d3 O-O 8.
a3 Nc6 9. g4 d5 10. Bg5 d4 11. Ne2 h6 12. Bxf6 Bxf6 13. Qd2 b6 14. h4 Qxg4 15.
Neg1 Ne7 16. h5 c5 17. O-O-O a5 18. Rh3 g6 19. Qxh6 Qf4+ 20. Qxf4 exf4 21. h6 b5
22. e5 Bh8 23. Ne2 Nd5 24. Rg1 Rae8 25. h7+ Kg7 26. Kd2 f5 27. Rh4 Rf7 28. c3
dxc3+ 29. Nxc3 Nxc3 30. bxc3 Kf8 31. Re1 Ree7 32. Ng5 Rg7 33. e6 a4 34. f3 b4
35. Nf7 Rexf7 36. exf7 bxa3 37. Re8+ Kxf7 38. Rxh8 a2 39. Rh1 g5 40. Rf8+ Kxf8
41. h8=Q+ Rg8 42. Qf6+ Ke8 43. Re1+ Kd7 44. Qf7+ Kc6 45. Qxg8 Kb5 46. Qxa2 g4
47. fxg4 fxg4 48. Re4 g3 49. Qxa4+ Kb6 50. Re6+ Kb7 51. Qa6+ Kb8 52. Re7 g2 53.
Qb7# 1-0

[Event "AUTO-BEG-210"]
[Site "http://www.queenalice.com/game.php?id=465837"]
[Date "2008.9.20"]
[Round "2"]
[White "Rapaz"]
[Black "dontar"]
[Result "1-0"]
[WhiteElo "1617"]
[BlackElo "1504"]

1. e4 e5 2. Nf3 Nc6 3. d3 Be7 4. Be2 h6 5. O-O Bf6 6. Nc3 g5 7. b3 g4 8. Nd2 h5
9. g3 d6 10. h4 Nd4 11. Nd5 Bd7 12. Nc4 Bg7 13. Bg5 f6 14. Be3 Bb5 15. a4 Bxc4
16. Bxd4 Bxd5 17. exd5 exd4 18. Re1 Ne7 19. f3 f5 20. fxg4 fxg4 21. Qd2 Nxd5 22.
Bf3+ Ne3 23. Bxb7 Rb8 24. Qb4 Be5 25. Re2 Rf8 26. Rae1 Rf3 27. Bc6+ Ke7 28. Qd2
Rf6 29. c3 d5 30. cxd4 Bxd4 31. Bb5 a6 32. Qb4+ Qd6 33. Qxd4 Qxg3+ 34. Kh1 Qf3+
35. Kg1 Kf7 36. Rxe3 Qf2+ 37. Kh1 g3 38. Qxd5+ Kf8 39. Re8+ Rxe8 40. Rxe8+ Kg7
41. Qg5+ Kh7 42. Qxh5+ Kg7 43. Re7+ Kf8 44. Qe8# 1-0

[Event "AUTO-BEG-210"]
[Site "http://www.queenalice.com/game.php?id=465838"]
[Date "2008.9.20"]
[Round "2"]
[White "Velasquez"]
[Black "Rapaz"]
[Result "1-0"]
[WhiteElo "1957"]
[BlackElo "1620"]

1. e4 Nc6 2. Nf3 d6 3. Bb5 Bd7 4. Nc3 e5 5. O-O Nf6 6. d4 a6 7. Ba4 b5 8. Bb3
exd4 9. Nxd4 b4 10. Nd5 Nxe4 11. Re1 Nxd4 12. Qxd4 Bf5 13. f3 c5 14. Qc4 Be7 15.
fxe4 Bh4 16. g3 Bxg3 17. hxg3 Be6 18. Bd2 O-O 19. Qf1 a5 20. a4 Re8 21. Re2 Bg4
22. Rf2 Ra7 23. Re1 Be6 24. Rh2 Bxd5 25. Bxd5 Qf6 26. Qxf6 gxf6 27. Rf1 Re5 28.
Rxf6 c4 29. Bf4 Re8 30. Bxd6 Ra6 31. e5 c3 32. b3 Ra7 33. Be4 Ra6 34. Bxh7+ Kg7
35. Bf5 Rxd6 36. Rh7+ Kg8 37. exd6 Rd8 38. Rfxf7 Rxd6 39. Rc7 Rf6 40. Rc8+ Rf8
41. Rxf8+ Kxf8 42. Ra7 Ke8 43. Rxa5 Ke7 44. Rb5 Kf6 45. g4 Kg5 46. a5 Kf4 47. a6
Kg5 48. a7 Kf4 49. a8=Q Kg5 50. Qe4 Kf6 51. Bd7 1-0

[Event "AUTO-BEG-210"]
[Site "http://www.queenalice.com/game.php?id=465839"]
[Date "2008.9.20"]
[Round "2"]
[White "Rapaz"]
[Black "Velasquez"]
[Result "0-1"]
[WhiteElo "1598"]
[BlackElo "1921"]

1. e4 e6 2. d4 d5 3. e5 c5 4. c3 Qb6 5. Nf3 cxd4 6. cxd4 Nc6 7. Be3 Qxb2 8. Nbd2
Bb4 9. Bd3 Bxd2+ 10. Bxd2 Nxd4 11. Qa4+ Nc6 12. O-O Qb6 13. Rab1 Qd8 14. Nd4 Bd7
15. Nxc6 Bxc6 16. Bb5 Ne7 17. Bxc6+ bxc6 18. Bb4 O-O 19. Bc5 Re8 20. Rb4 Qc7 21.
f4 Ng6 22. g3 Reb8 23. Rfb1 Rxb4 24. Rxb4 Qc8 25. Bd6 Nf8 26. h4 Nd7 27. g4 c5
28. Rb3 Nb6 29. Qa5 c4 30. Rb5 Nd7 31. f5 c3 32. Ba3 c2 33. Qd2 Nxe5 34. Kg2 Qc4
35. Rc5 Qxg4+ 36. Kf2 Qf3+ 37. Kg1 Qd1+ 38. Qxd1 cxd1=Q+ 39. Kf2 Qf3+ 0-1

[Event "AUTO-ADV-1069"]
[Site "http://www.queenalice.com/game.php?id=475842"]
[Date "2008.10.11"]
[Round "1"]
[White "SacMaster"]
[Black "Rapaz"]
[Result "1-0"]
[WhiteElo "2116"]
[BlackElo "1596"]

1. e4 e5 2. Nc3 d6 3. g3 Nf6 4. Bg2 Be7 5. d3 O-O 6. Nge2 Bg4 7. O-O Nc6 8. f3
Bh5 9. Be3 b6 10. h3 h6 11. g4 Bg6 12. f4 exf4 13. Nxf4 Bh7 14. Nfd5 Ne5 15.
Nxf6+ Bxf6 16. Nd5 Be7 17. Qd2 c6 18. Nf4 d5 19. exd5 cxd5 20. Nxd5 Qd7 21.
Nxe7+ Qxe7 22. Bxa8 Rxa8 23. Rae1 Qb7 24. Qf2 Bg6 25. Qg2 Qxg2+ 26. Kxg2 f6 27.
Bf4 Re8 28. d4 Nc4 29. Rxe8+ 1-0

[Event "AUTO-ADV-1069"]
[Site "http://www.queenalice.com/game.php?id=475843"]
[Date "2008.10.11"]
[Round "1"]
[White "Rapaz"]
[Black "SacMaster"]
[Result "0-1"]
[WhiteElo "1594"]
[BlackElo "2117"]

1. e4 c5 2. c4 g6 3. d3 Bg7 4. Nf3 Nc6 5. Be2 d6 6. O-O e6 7. a3 Nge7 8. b4 Bxa1
9. b5 Nd4 10. Nxd4 Bxd4 11. a4 O-O 12. Bd2 a6 13. Qc1 axb5 14. axb5 Bd7 15. Bh6
Bg7 16. Bg5 f6 17. Bf4 e5 18. Bg3 f5 19. exf5 Nxf5 20. Bf3 Qb6 21. Nc3 Be6 22.
Bd5 Bxd5 23. Nxd5 Qa5 24. Qg5 Rae8 25. Bh4 Re6 26. g4 h6 27. Qc1 Nxh4 28. h3
Nf3+ 29. Kg2 Qa2 0-1

[Event "AUTO-ADV-1069"]
[Site "http://www.queenalice.com/game.php?id=475858"]
[Date "2008.10.11"]
[Round "1"]
[White "vallef"]
[Black "Rapaz"]
[Result "0-1"]
[WhiteElo "1760"]
[BlackElo "1598"]

1. e4 e5 2. Nf3 d6 3. Bc4 Nf6 4. Nc3 Be7 5. O-O O-O 6. Ng5 Qe8 7. Bxf7+ Rxf7 8.
Nxf7 Qxf7 9. d3 Ng4 10. Nd5 Bh4 11. Qe2 Bxf2+ 12. Kh1 Qh5 13. h3 Qh4 14. Qxg4
Bxg4 15. Nxc7 Bxh3 16. Rxf2 Qxf2 17. gxh3 Qf3+ 18. Kg1 Na6 19. Nxa8 Qf8 20. Nb6
axb6 21. Be3 Nc7 22. Rf1 Qe8 23. Bxb6 Ne6 24. c3 Nf4 25. Bc7 Qg6+ 26. Kf2 Qg2+
0-1

[Event "AUTO-ADV-1069"]
[Site "http://www.queenalice.com/game.php?id=475859"]
[Date "2008.10.11"]
[Round "1"]
[White "Rapaz"]
[Black "vallef"]
[Result "0-1"]
[WhiteElo "1628"]
[BlackElo "1773"]

1. d4 d5 2. c3 Nf6 3. e3 g6 4. Nf3 Bg4 5. Be2 Bg7 6. Ne5 Bxe2 7. Qxe2 O-O 8. O-O
b6 9. b4 Nbd7 10. b5 Nxe5 11. dxe5 Nd7 12. Rd1 Bxe5 13. Rxd5 e6 14. Rd3 Qe7 15.
f4 Bd6 16. Qd2 a6 17. c4 axb5 18. cxb5 Nc5 19. Ra3 Ne4 20. Qd3 Bxa3 21. Bxa3 Qf6
22. Bxf8 Qxa1 23. Bb4 Nc5 24. Bxc5 bxc5 25. a3 c4 26. Qc2 Rxa3 27. Kf2 Ra2 28.
Qxa2 Qxa2+ 29. Kg3 Qxb1 30. Kf3 f5 31. g4 c3 32. gxf5 c2 33. fxe6 c1=Q 34. e7
Qf1+ 35. Kg4 Qf5+ 36. Kg3 Q5h3# 0-1

[Event "AUTO-ADV-1069"]
[Site "http://www.queenalice.com/game.php?id=475868"]
[Date "2008.10.11"]
[Round "1"]
[White "HanoiTower"]
[Black "Rapaz"]
[Result "1-0"]
[WhiteElo "1913"]
[BlackElo "1589"]

1. Nf3 d6 2. d4 d5 3. c4 dxc4 4. Nc3 Nf6 5. e4 Be6 6. d5 Bg4 7. Bxc4 c6 8. Qd3
cxd5 9. Nxd5 e6 10. Nxf6+ Qxf6 11. Bb5+ Nc6 12. Bg5 Bb4+ 13. Kf1 Qxb2 14. Rd1
O-O 15. h3 Bxf3 16. gxf3 f6 17. Bf4 Rad8 18. Qb3 Qxb3 19. Rxd8 Rxd8 20. axb3
Rd1+ 21. Kg2 Rxh1 22. Kxh1 Nd4 23. Bc4 a6 24. Be3 Nxf3 25. Bxe6+ Kf8 26. Bc8 Ng5
27. Bxg5 fxg5 28. Bxb7 a5 29. Kg2 Bc3 30. Kf3 h6 31. Ke3 Ke7 32. Kd3 Be5 33. Kc4
Ke6 34. Bc8+ Kf6 35. Kb5 Bc7 36. Kc6 Bd8 37. Kd5 h5 38. e5+ Ke7 39. f3 1-0

[Event "AUTO-ADV-1069"]
[Site "http://www.queenalice.com/game.php?id=475869"]
[Date "2008.10.11"]
[Round "1"]
[White "Rapaz"]
[Black "HanoiTower"]
[Result "0-1"]
[WhiteElo "1592"]
[BlackElo "1910"]

1. e4 c6 2. e5 Qa5 3. Nc3 Qxe5+ 4. Be2 d5 5. Nf3 Qc7 6. O-O Nf6 7. d4 Bg4 8. Ne5
Bxe2 9. Qxe2 e6 10. Na4 Na6 11. c3 Bd6 12. b3 O-O 13. g3 b5 14. Bf4 Ne4 15. Nb2
Nxc3 16. Qg4 f5 17. Qg5 Ne2+ 18. Kg2 Nxd4 19. f3 Bxe5 20. Bxe5 Qxe5 21. Rae1 Qf6
22. Qh5 f4 23. Re4 dxe4 24. fxe4 Nc2 25. Nd1 Rad8 26. Rxf4 Qd4 27. Rxf8+ Rxf8
28. Kh3 Qxe4 29. Nc3 Qf5+ 30. g4 Qxh5+ 31. gxh5 Rf5 32. Kh4 Ne3 33. Ne2 h6 34.
Ng3 Rg5 0-1